000 00453nam a2200157 a 4500
001 4155
005 20180713184039.0
008 140415s1983 000 0 spa d
041 _aspa
082 _a658.409
_bVAN
100 1 _aVANCE, CHARLES C.
245 1 0 _aMANAGER TODAY, EXECUTIVE TOMORROW
260 _a[s.l.] :
_bROBERT E. KRIEGER PUBLISHING COMPANY,
_c1983
300 _a226
650 1 4 _aAPTITUD DE MANDO
_xPSICOLOGIA INDUSTRIAL
999 _c4155
_d4155